Truyện dân gian thế giới

Sách gồm 23 truyện ít trùng lặp với các sách xuất bản từ trước: Lưài rìu thủy tinh; Quạ và chim sẻ; Chàng út và thanh gươm báu; Con khỉ xanh; Quả bầu tiên; Hoàng tử út và kẻ hái trộm quả quí; Người đầy tớ và mụ phù thủy Coóc-va; Bông hoa...

Πλήρης περιγραφή

Αποθηκεύτηκε σε:
Λεπτομέρειες βιβλιογραφικής εγγραφής
Μορφή: Βιβλίο
Γλώσσα:Undetermined
Έκδοση: Nghệ An Nxb. Nghệ An 1997
Θέματα:
Ετικέτες: Προσθήκη ετικέτας
Δεν υπάρχουν, Καταχωρήστε ετικέτα πρώτοι!
Thư viện lưu trữ: Trung tâm Học liệu Trường Đại học Cần Thơ
LEADER 01342nam a2200193Ia 4500
001 CTU_16506
008 210402s9999 xx 000 0 und d
020 |c 30000 
082 |a 398.2 
082 |b Tr527 
245 0 |a Truyện dân gian thế giới 
245 0 |c Nguyễn Văn Thọ ( sưu tần, dịch ) 
260 |a Nghệ An 
260 |b Nxb. Nghệ An 
260 |c 1997 
520 |a Sách gồm 23 truyện ít trùng lặp với các sách xuất bản từ trước: Lưài rìu thủy tinh; Quạ và chim sẻ; Chàng út và thanh gươm báu; Con khỉ xanh; Quả bầu tiên; Hoàng tử út và kẻ hái trộm quả quí; Người đầy tớ và mụ phù thủy Coóc-va; Bông hoa đỏ thắm xinh xinh; Con rắn bảy đầu; Hứa hôn; Hoàng tử nhân nghĩa; Anh chăn lợn; Cái hòm thần; Bé Sếch-ka; Núi xanh; Cô gái nông nô và lão chúa đất; Cái lò sắt; Chim sơn ca; Người cố vấn khôn ngoan; Vỏ quít dày móng tay nhọn; ác mộng; Cô gái nông dân lấy gấu; Hoàng hậu thiên nga 
650 |a Folk literature 
904 |i Nguyễn Quang Điền,Qhieu sửa 
980 |a Trung tâm Học liệu Trường Đại học Cần Thơ